Analýza výkonnosti spoločnosti IBM Slovensko pomocou modelov HGN

Verifikácia modelu HGN v obidvoch jeho modifikáciách (verziách) prostredníctvom analýzy výkonnosti podniku IBM Slovensko. Komparácia obidvoch verzií modelu a posúdenie jeho praktického uplatnenia. Vyhodnotenie pozitívnych a negatívnych aspektov modelu.

Salvato in:
Dettagli Bibliografici
Autore principale: Hyránek, Eduard, 1955-
Altri autori: Mišota, Branislav
Natura: Capitolo di libro
Lingua:slovacco
Soggetti:
Tags: Aggiungi Tag
Nessun Tag, puoi essere il primo ad aggiungerne!!

MARC

LEADER 00000naa$a2200000$$$4500
001 0260898
005 20240502074134.7
041 0 |a slo 
044 |a SK 
245 1 0 |a Analýza výkonnosti spoločnosti IBM Slovensko pomocou modelov HGN  |c Eduard Hyránek, Branislav Mišota 
520 |a Verifikácia modelu HGN v obidvoch jeho modifikáciách (verziách) prostredníctvom analýzy výkonnosti podniku IBM Slovensko. Komparácia obidvoch verzií modelu a posúdenie jeho praktického uplatnenia. Vyhodnotenie pozitívnych a negatívnych aspektov modelu. 
610 2 0 |a modely 
610 2 0 |a výkonnosť podniku 
610 2 0 |a ukazovatele výkonnosti 
610 2 0 |a závierka účtovná 
610 2 0 |a spoločnosti s r.o. 
100 1 |a Hyránek, Eduard, 1955- 
700 1 |a Mišota, Branislav